书目信息 |
| 题名: |
把根留住
|
|
| 作者: | 王六 编 | |
| 分册: | 上 | |
| 出版信息: | 北京 紫禁城出版社 2010.09 |
|
| 页数: | 563页 | |
| 开本: | 26cm | |
| 丛书名: | ||
| 单 册: | ||
| 中图分类: | H172.2 | |
| 科图分类: | ||
| 主题词: | 汉语方言 | |
| 电子资源: | ||
| ISBN: | 978-7-5134-0028-2 | |
| 000 | 00641nam0 2200205 450 | |
| 001 | 1232075367 | |
| 005 | 20120107085911.06 | |
| 010 | @a978-7-5134-0028-2@dCNY100.00 | |
| 100 | @a20120107d2010 km y0chiy0120 ea | |
| 101 | 0 | @achi |
| 102 | @aCN@b110000 | |
| 200 | 1 | @a把根留住@Aba gen liu zhu@e陕北方言成语3000条@h上@f王六编@Fwang liu bian |
| 210 | @a北京@c紫禁城出版社@d2010.09 | |
| 215 | @a563页@d26cm | |
| 517 | 1 | @a陕北方言成语3000条@Ashan bei fang yan cheng yu 3000 tiao |
| 606 | 0 | @a汉语方言 |
| 690 | @aH172.2@v4 | |
| 701 | 0 | @a王六@Awang liu@4编 |
| 801 | 0 | @aCN@b大连网信软件有限公司图书馆·11@c20120107 |
| 905 | @aZUCC@dH172.2@eW268:1 | |
| 把根留住:陕北方言成语3000条.上/王六编.-北京:紫禁城出版社,2010.09 |
| 563页;26cm |
| ISBN 978-7-5134-0028-2:CNY100.00 |
| ● |
| 相关链接 |
|
|
|
正题名:把根留住
索取号:H172.2/W268:1
 
预约/预借
| 序号 | 登录号 | 条形码 | 馆藏地/架位号 | 状态 | 备注 |
| 1 | 480155 | 204801553 | 语言库209/209语言库 77排2列3层/ [索取号:H172.2/W268:1] | 在馆 | |
| 2 | 480156 | 204801562 | 语言库209/209语言库 77排2列3层/ [索取号:H172.2/W268:1] | 在馆 | |
| 3 | 480157 | 204801571 | 语言库209/209语言库 77排2列3层/ [索取号:H172.2/W268:1] | 在馆 |